[Event "GER-ch U18 Girls"]
[Site "Oberhof"]
[Date "2011.06.18"]
[Round "9"]
[White "Evers, Annika"]
[Black "Maiwald, Anja"]
[Result "1-0"]
[WhiteElo "1675"]
[BlackElo "1483"]
[PlyCount "33"]
[EventDate "2011.06.11"]
[EventType "swiss"]
[EventRounds "9"]
[EventCountry "GER"]
[SourceTitle "CBM 142 Extra"]
[Source "ChessBase"]
[SourceDate "2011.06.27"]
[SourceVersion "1"]
[SourceVersionDate "2011.06.27"]
[SourceQuality "1"]

1. d4 c5 2. e3 cxd4 3. exd4 d5 4. Nf3 Nf6 5. Bd3 Bg4 6. c4 dxc4 7. Bxc4 e6 8. Qb3 b6 9. Bb5+ Nbd7 10. Ne5 h6 11. Bxd7+ Nxd7 12. Nxg4 Rc8 13. 0-0 Be7 14. Qg3 Nf6 15. Nxf6+ Bxf6 16. Be3 Rc6 17. Nc3 1-0

[Event "GER-ch U18 Girls"]
[Site "Oberhof"]
[Date "2011.06.14"]
[Round "5"]
[White "Maiwald, Anja"]
[Black "Garny, Annica"]
[Result "0-1"]
[WhiteElo "1483"]
[BlackElo "1783"]
[PlyCount "44"]
[EventDate "2011.06.11"]
[EventType "swiss"]
[EventRounds "9"]
[EventCountry "GER"]
[SourceTitle "CBM 142 Extra"]
[Source "ChessBase"]
[SourceDate "2011.06.27"]
[SourceVersion "1"]
[SourceVersionDate "2011.06.27"]
[SourceQuality "1"]

1. Nf3 Nf6 2. d4 g6 3. Bf4 Bg7 4. e3 0-0 5. Be2 d6 6. 0-0 Nbd7 7. c4 Re8 8. h3 e5 9. Bh2 exd4 10. exd4 b6 11. Nc3 Bb7 12. Rc1 Ne4 13. Re1 Ndf6 14. Nxe4 Nxe4 15. Qc2 Ng5 16. d5 Qf6 17. b4 Re7 18. Nxg5 Qxg5 19. Bf3 Rae8 20. Kf1 Bc8 21. Rxe7 Qxe7 22. c5 Ba6+ 0-1

[Event "GER-ch U18 Girls"]
[Site "Oberhof"]
[Date "2011.06.12"]
[Round "2"]
[White "Maiwald, Anja"]
[Black "Koelbl, Ines"]
[Result "1/2-1/2"]
[WhiteElo "1483"]
[BlackElo "1808"]
[PlyCount "82"]
[EventDate "2011.06.11"]
[EventType "swiss"]
[EventRounds "9"]
[EventCountry "GER"]
[SourceTitle "CBM 142 Extra"]
[Source "ChessBase"]
[SourceDate "2011.06.27"]
[SourceVersion "1"]
[SourceVersionDate "2011.06.27"]
[SourceQuality "1"]

1. d4 d5 2. Nf3 Nf6 3. Bf4 Bf5 4. e3 Nbd7 5. Bd3 Bxd3 6. Qxd3 c6 7. 0-0 e6 8. c4 Qb6 9. Nbd2 Nh5 10. Rfe1 Be7 11. a3 0-0 12. b4 Nxf4 13. exf4 g6 14. c5 Qc7 15. Ne5 Rfb8 16. Nb3 Bd8 17. Re3 Nxe5 18. fxe5 Qd7 19. Qc3 Be7 20. Re2 Rf8 21. Rae1 Qd8 22. a4 Qd7 23. Qd3 Rfc8 24. Rc2 Bd8 25. Rb1 Be7 26. Nd2 b6 27. Qe3 bxc5 28. bxc5 Rcb8 29. Rcb2 Qc7 30. Rb4 Rxb4 31. Rxb4 a5 32. Rb6 Rb8 33. Qb3 Rxb6 34. Qxb6 Bd8 35. Qxc7 Bxc7 36. f4 Kg7 37. Nf3 Bd8 38. h4 h6 39. g4 f6 40. g5 fxg5 41. fxg5 h5 1/2-1/2

[Event "GER-ch U16 Girls"]
[Site "Oberhof"]
[Date "2010.05.29"]
[Round "9"]
[White "Bruehan, Caren"]
[Black "Maiwald, Anja"]
[Result "0-1"]
[WhiteElo "1458"]
[BlackElo "1478"]
[PlyCount "62"]
[EventDate "2010.05.22"]
[EventType "swiss"]
[EventRounds "9"]
[EventCountry "GER"]
[SourceTitle "CBM 136 Extra"]
[Source "ChessBase"]
[SourceDate "2010.07.02"]
[SourceVersion "2"]
[SourceVersionDate "2010.07.15"]
[SourceQuality "1"]

1. d4 d5 2. Nf3 Nf6 3. e3 e6 4. Bd3 Be7 5. 0-0 0-0 6. Nbd2 b6 7. Re1 Bb7 8. c3 Nbd7 9. e4 dxe4 10. Nxe4 c5 11. Bg5 Rc8 12. Bxf6 Nxf6 13. Nxf6+ Bxf6 14. dxc5 Rxc5 15. Be4 Bd5 16. Qc2 g6 17. Rad1 Qa8 18. Nd4 Rd8 19. Bxd5 Rdxd5 20. Qe4 Qd8 21. h3 Rc4 22. Qe2 Bxd4 23. Qxc4 Bxf2+ 24. Kxf2 Rxd1 25. Rxd1 Qxd1 26. Qe2 Qxe2+ 27. Kxe2 f5 28. Kf3 Kf7 29. b4 e5 30. c4 Ke6 31. g4 Kd6 0-1

[Event "GER-ch U16 Girls"]
[Site "Oberhof"]
[Date "2010.05.23"]
[Round "2"]
[White "Maiwald, Anja"]
[Black "Klek, Hanna Marie"]
[Result "1/2-1/2"]
[WhiteElo "1478"]
[BlackElo "2133"]
[PlyCount "111"]
[EventDate "2010.05.22"]
[EventType "swiss"]
[EventRounds "9"]
[EventCountry "GER"]
[SourceTitle "CBM 136 Extra"]
[Source "ChessBase"]
[SourceDate "2010.07.02"]
[SourceVersion "2"]
[SourceVersionDate "2010.07.15"]
[SourceQuality "1"]

1. Nf3 Nf6 2. b3 d6 3. e3 g6 4. Bb2 Bg7 5. Be2 0-0 6. 0-0 e5 7. d3 c6 8. Nbd2 Re8 9. e4 Nh5 10. Re1 Nf4 11. Bf1 Bg4 12. g3 Nh3+ 13. Kg2 Ng5 14. Be2 Bh3+ 15. Kg1 Nd7 16. Nxg5 Qxg5 17. Nf3 Qe7 18. Qd2 Nf8 19. Ng5 Bd7 20. Bf1 Bh6 21. f4 Ne6 22. Nxe6 fxe6 23. Qc3 Bg7 24. Bg2 exf4 25. Qxg7+ Qxg7 26. Bxg7 Kxg7 27. gxf4 e5 28. fxe5 Rxe5 29. Rf1 Rf8 30. Rf3 Rxf3 31. Bxf3 Ra5 32. d4 Kf6 33. h4 Ra3 34. Kf2 a5 35. Bd1 a4 36. Kg2 axb3 37. cxb3 c5 38. e5+ dxe5 39. dxc5 Bc6+ 40. Kg3 Bd5 41. Bc2 Ke6 42. Kg4 Ra5 43. b4 Rxa2 44. Rxa2 Bxa2 45. h5 Kf6 46. Be4 Be6+ 47. Kh4 Bc8 48. b5 g5+ 49. Kg3 h6 50. b6 g4 51. c6 bxc6 52. Bxc6 Kg5 53. b7 Bxb7 54. Bxb7 Kxh5 55. Bc8 Kg5 56. Bxg4 1/2-1/2